[Event "1. Bl. 0607"]
[Site "?"]
[Date "2006.11.04"]
[Round "2.4"]
[White "Pilaj, Herwig"]
[Black "Novkovic, Milan"]
[Result "1/2-1/2"]
[WhiteElo "2373"]
[BlackElo "2415"]
[PlyCount "91"]
[EventDate "2006.11.03"]
[EventType "team"]
[EventRounds "11"]
[EventCountry "AUT"]
[WhiteTeam "SC Die Klagenfurter"]
[BlackTeam "SK Hohenems"]

1. d4 Nf6 2. c4 c5 3. d5 e5 4. Nc3 d6 5. e4 Be7 6. Bd3 Nbd7 7. h3 g6 8. Nf3 h5
9. g3 Kf8 10. Bd2 Kg7 11. h4 a6 12. Ng5 Nh7 13. f4 Nxg5 14. hxg5 b5 15. cxb5
Nb6 16. b3 Bg4 17. Qc1 f6 18. bxa6 h4 19. Kf2 fxg5 20. Kg2 gxf4 21. gxf4 exf4
22. Bxf4 g5 23. Be3 Nd7 24. Qd2 Ne5 25. Raf1 Qd7 26. Bxg5 Bf3+ 27. Kh2 Bxh1 28.
Bxe7 Qxe7 29. Kxh1 Rh6 30. Ne2 Kh7 31. Nf4 Qg5 32. Qf2 Qg3 33. Be2 Qxf2 34.
Rxf2 Rf6 35. Kg1 c4 36. Bxc4 Nxc4 37. bxc4 Rxa6 38. c5 dxc5 39. e5 Rf5 40. e6
Re5 41. Kg2 Kg7 42. Kh3 Ra4 43. d6 Re3+ 44. Kh2 Rxf4 45. Rxf4 Rxe6 46. Rc4
1/2-1/2

[Event "1. Bl. 0607"]
[Site "?"]
[Date "2006.11.04"]
[Round "2.5"]
[White "Gaertner, Guntram"]
[Black "Moser, Guenter"]
[Result "0-1"]
[WhiteElo "2300"]
[BlackElo "2369"]
[PlyCount "78"]
[EventDate "2006.11.03"]
[EventType "team"]
[EventRounds "11"]
[EventCountry "AUT"]
[WhiteTeam "SK Hohenems"]
[BlackTeam "SC Die Klagenfurter"]

1. d4 d6 2. c4 Nd7 3. e4 e5 4. Nf3 c6 5. Nc3 Ngf6 6. Be2 Qc7 7. O-O a6 8. a4 g6
9. b3 Bg7 10. dxe5 dxe5 11. Ba3 Bf8 12. Bb2 Be7 13. Qc2 O-O 14. Nd1 Re8 15. Ne3
a5 16. Rad1 Bf8 17. Nd2 Nc5 18. h3 Ne6 19. Ng4 Nxg4 20. Bxg4 Nc5 21. Bxc8 Raxc8
22. Nf3 f6 23. Ba3 Ne6 24. Bxf8 Kxf8 25. c5 Rcd8 26. Qc4 Qe7 27. Rc1 Rd7 28. b4
axb4 29. Qxb4 Red8 30. a5 Rd3 31. Rb1 R8d7 32. Rfc1 Nf4 33. Kh2 Rxf3 34. a6
bxa6 35. Qc4 Rxf2 36. Rb8+ Kg7 37. Qxa6 Rxg2+ 38. Kh1 Qe6 39. Qa3 Rd3 0-1

[Event "1. Bl. 0607"]
[Site "?"]
[Date "2006.11.04"]
[Round "2.6"]
[White "Petschar, Kurt"]
[Black "Grabher, Heinz"]
[Result "1/2-1/2"]
[WhiteElo "2273"]
[BlackElo "2282"]
[PlyCount "118"]
[EventDate "2006.11.03"]
[EventType "team"]
[EventRounds "11"]
[EventCountry "AUT"]
[WhiteTeam "SC Die Klagenfurter"]
[BlackTeam "SK Hohenems"]

1. e4 e5 2. Nf3 Nc6 3. Bb5 Nf6 4. d3 d6 5. O-O Be7 6. Re1 O-O 7. Bxc6 bxc6 8.
d4 exd4 9. Nxd4 Bd7 10. Qf3 Re8 11. Nc3 Rb8 12. b3 Ng4 13. Nf5 Bf6 14. Bd2 Ne5
15. Qf4 Bxf5 16. Qxf5 Qd7 17. Qxd7 Nxd7 18. Rad1 Nc5 19. f3 Ne6 20. Ne2 d5 21.
Nf4 Rbd8 22. Be3 Bc3 23. Re2 dxe4 24. Rxd8 Rxd8 25. fxe4 Rd1+ 26. Kf2 Nd4 27.
Bxd4 Bxd4+ 28. Kg3 Be5 29. Kg4 g6 30. g3 h5+ 31. Kf3 Bd4 32. e5 Rf1+ 33. Ke4
Bc5 34. e6 Bd6 35. exf7+ Kxf7 36. Nd3 Kf6 37. c4 Rf5 38. b4 c5 39. b5 Kg5 40.
a4 h4 41. Nf4 hxg3 42. hxg3 Re5+ 43. Kf3 Rxe2 44. Nxe2 Kf5 45. g4+ Ke5 46. Ke3
Be7 47. Nc3 Bg5+ 48. Kd3 Kf4 49. Nd5+ Kxg4 50. Nxc7 Bd8 51. Ne6 Bb6 52. Ke4 g5
53. Kd5 Kf5 54. a5 Bxa5 55. Nxg5 Kxg5 56. Kxc5 Kf6 57. Kc6 Ke7 58. c5 Bb4 59.
b6 Bxc5 1/2-1/2

[Event "1. Bl. 0607"]
[Site "?"]
[Date "2006.11.04"]
[Round "2.1"]
[White "Schlosser, Philipp"]
[Black "Ruck, Robert"]
[Result "1/2-1/2"]
[WhiteElo "2562"]
[BlackElo "2531"]
[PlyCount "45"]
[EventDate "2006.11.03"]
[EventType "team"]
[EventRounds "11"]
[EventCountry "AUT"]
[WhiteTeam "SK Sparkasse Jenbach"]
[BlackTeam "Styria Graz   KlZeitung"]

1. Nf3 Nf6 2. c4 c5 3. g3 Nc6 4. d4 cxd4 5. Nxd4 Qa5+ 6. Nc3 Ne4 7. Ndb5 g6 8.
Bg2 Nxc3 9. Nxc3 Bg7 10. Bd2 O-O 11. Rc1 d6 12. a3 Qd8 13. b4 a5 14. b5 Ne5 15.
Na4 Rb8 16. c5 Bg4 17. O-O dxc5 18. h3 Bd7 19. Nxc5 Bxb5 20. Nxb7 Qd7 21. Nc5
Qd4 22. Bxa5 Qb2 23. Qd2 1/2-1/2

[Event "1. Bl. 0607"]
[Site "?"]
[Date "2006.11.04"]
[Round "2.3"]
[White "Lehner, Oliver"]
[Black "Stohl, Igor"]
[Result "1/2-1/2"]
[WhiteElo "2415"]
[BlackElo "2549"]
[PlyCount "36"]
[EventDate "2006.11.03"]
[EventType "team"]
[EventRounds "11"]
[EventCountry "AUT"]
[WhiteTeam "SK Sparkasse Jenbach"]
[BlackTeam "Styria Graz   KlZeitung"]

1. Nf3 Nf6 2. c4 e6 3. g3 d5 4. d4 dxc4 5. Bg2 c6 6. O-O b5 7. a4 Bb7 8. Ne5 a6
9. b3 cxb3 10. Bb2 Nbd7 11. Nxc6 Qc7 12. axb5 axb5 13. Rxa8+ Bxa8 14. Qc1 Bc5
15. d5 Nxd5 16. Bxd5 exd5 17. Nd4 O-O 18. Nd2 Rc8 1/2-1/2

[Event "1. Bl. 0607"]
[Site "?"]
[Date "2006.11.04"]
[Round "2.4"]
[White "Balinov, Ilija"]
[Black "Stangl, Markus"]
[Result "0-1"]
[WhiteElo "2516"]
[BlackElo "2465"]
[PlyCount "88"]
[EventDate "2006.11.03"]
[EventType "team"]
[EventRounds "11"]
[EventCountry "AUT"]
[WhiteTeam "Styria Graz   KlZeitung"]
[BlackTeam "SK Sparkasse Jenbach"]

1. d4 d5 2. c4 e6 3. Nc3 c6 4. e3 Bd6 5. Bd3 Nd7 6. e4 Ne7 7. cxd5 exd5 8. e5
Bb4 9. a3 Ba5 10. Qh5 Nf8 11. Nf3 Be6 12. Ng5 Qb6 13. Nf3 Qb3 14. Bd2 Qxb2 15.
Rc1 g6 16. Qh6 Bf5 17. Be2 Ne6 18. O-O Bxc3 19. Rxc3 Be4 20. g4 g5 21. Rd1 Rg8
22. Re3 Bxf3 23. Bxf3 Qxd4 24. Qxh7 Kd7 25. Bc1 Qa4 26. Qb1 Kc7 27. Rb3 Rab8
28. Rb4 Qa5 29. Rd3 Ng6 30. Qb2 Rge8 31. Bd2 Qa6 32. Be2 Ngf4 33. Bxf4 Nxf4 34.
Re3 Qa5 35. Bf1 Ne6 36. Rc3 d4 37. Rcb3 b6 38. Bg2 Qxe5 39. Re3 Qd6 40. Rf3 Nf4
41. Kf1 Rbd8 42. Rc4 Qe6 43. Rxc6+ Qxc6 44. Rxf4 Qc4+ 0-1

[Event "1. Bl. 0607"]
[Site "?"]
[Date "2006.11.04"]
[Round "2.6"]
[White "Danner, Georg"]
[Black "Hoellrigl, Wilfried"]
[Result "1-0"]
[WhiteElo "2421"]
[BlackElo "2256"]
[PlyCount "91"]
[EventDate "2006.11.03"]
[EventType "team"]
[EventRounds "11"]
[EventCountry "AUT"]
[WhiteTeam "Styria Graz   KlZeitung"]
[BlackTeam "SK Sparkasse Jenbach"]

1. d4 Nf6 2. Nf3 g6 3. c4 c5 4. d5 b5 5. cxb5 a6 6. bxa6 Bxa6 7. Nc3 d6 8. e4
Bxf1 9. Kxf1 Bg7 10. g3 O-O 11. Kg2 Nbd7 12. Re1 Qa5 13. Re2 Rfb8 14. Rc2 Ne8
15. Qe2 Qa6 16. Qxa6 Rxa6 17. Bd2 Nc7 18. Re1 Nb5 19. Nxb5 Rxb5 20. b3 Rb8 21.
Re2 Rba8 22. Bf4 h6 23. h4 Kf8 24. Kh3 e5 25. dxe6 fxe6 26. Ne1 Ke7 27. Nd3 h5
28. e5 Nxe5 29. Nxe5 Bxe5 30. Bxe5 dxe5 31. Rxe5 Rxa2 32. Rexc5 Rxc2 33. Rxc2
Rb8 34. Rc3 Rb4 35. Kg2 Kf6 36. Rf3+ Ke5 37. Kf1 Rd4 38. Ke2 Rd8 39. Rd3 Rc8
40. Kd2 Ke4 41. f3+ Kf5 42. b4 e5 43. b5 Rb8 44. Rb3 Rb6 45. Kd3 Ke6 46. Ke4
1-0

[Event "1. Bl. 0607"]
[Site "?"]
[Date "2006.11.04"]
[Round "2.4"]
[White "Weiss, Christian"]
[Black "Freitag, Manfred"]
[Result "1-0"]
[WhiteElo "2469"]
[BlackElo "2402"]
[PlyCount "105"]
[EventDate "2006.11.03"]
[EventType "team"]
[EventRounds "11"]
[EventCountry "AUT"]
[WhiteTeam "Union Ansfelden"]
[BlackTeam "SpG Holz Dohr   Semriach"]

1. c4 Nf6 2. Nf3 g6 3. Nc3 Bg7 4. d4 O-O 5. Bg5 h6 6. Bf4 d6 7. h3 c5 8. e3
cxd4 9. exd4 d5 10. Bd3 Nc6 11. O-O Nb4 12. Be2 dxc4 13. Bxc4 Nbd5 14. Be5 b6
15. Re1 Bb7 16. Bb3 Rc8 17. Rc1 Nxc3 18. bxc3 b5 19. Qd3 Bxf3 20. Qxf3 e6 21.
Qb7 Qd7 22. Qa6 Nd5 23. Bxd5 exd5 24. Qa5 Rfe8 25. Rb1 Bxe5 26. dxe5 Qc6 27.
Rxb5 Red8 28. Rb3 Rd7 29. Qb4 Qe6 30. Qg4 Qxg4 31. hxg4 Rc4 32. f3 d4 33. cxd4
Rcxd4 34. e6 fxe6 35. Rxe6 Rd1+ 36. Kh2 Rg7 37. Rb8+ Kh7 38. Rb5 Rd2 39. Ra6
Rf7 40. Kg3 Re2 41. Rba5 Ree7 42. Kf2 Rd7 43. a4 Kg7 44. Re5 Kh7 45. Ree6 Rg7
46. Rad6 Rb7 47. a5 Rb2+ 48. Re2 Rb4 49. a6 Rf7 50. Kg3 Rc4 51. Ree6 Rg7 52.
Re8 Rc2 53. Rdd8 1-0

[Event "1. Bl. 0607"]
[Site "?"]
[Date "2006.11.04"]
[Round "2.5"]
[White "Karner, Christoph"]
[Black "Stanec, Nikolaus"]
[Result "1/2-1/2"]
[WhiteElo "2319"]
[BlackElo "2504"]
[PlyCount "53"]
[EventDate "2006.11.03"]
[EventType "team"]
[EventRounds "11"]
[EventCountry "AUT"]
[WhiteTeam "SpG Holz Dohr   Semriach"]
[BlackTeam "Union Ansfelden"]

1. d4 Nf6 2. c4 e6 3. g3 Bb4+ 4. Nd2 O-O 5. Ngf3 b6 6. Bg2 Bb7 7. O-O Bxd2 8.
Bxd2 d6 9. Rc1 Nbd7 10. Bc3 Qe7 11. b4 Ne4 12. Bb2 f5 13. d5 e5 14. Nd2 Nxd2
15. Qxd2 a5 16. a3 axb4 17. axb4 f4 18. Qd3 Nf6 19. c5 bxc5 20. bxc5 Ba6 21.
Qc2 fxg3 22. hxg3 Ng4 23. Bf3 Rxf3 24. exf3 Bxf1 25. Kxf1 Nf6 26. cxd6 cxd6 27.
Qc6 1/2-1/2

[Event "1. Bl. 0607"]
[Site "?"]
[Date "2006.11.04"]
[Round "2.6"]
[White "Klinger, Josef"]
[Black "Wegerer, Fred"]
[Result "1-0"]
[WhiteElo "2429"]
[BlackElo "2235"]
[PlyCount "115"]
[EventDate "2006.11.03"]
[EventType "team"]
[EventRounds "11"]
[EventCountry "AUT"]
[WhiteTeam "Union Ansfelden"]
[BlackTeam "SpG Holz Dohr   Semriach"]

1. d4 Nf6 2. c3 d5 3. Bg5 Ne4 4. Bh4 g5 5. Bg3 h5 6. e3 h4 7. Be5 f6 8. f3 Nd6
9. Bxd6 Qxd6 10. Bd3 Bh6 11. Qe2 Nc6 12. Nd2 Bd7 13. e4 O-O-O 14. exd5 Qxd5 15.
Be4 Qf7 16. Nb3 f5 17. Nc5 a6 18. Bd3 Nb8 19. Bc4 Qf6 20. Ne6 Bxe6 21. Bxe6+
Nd7 22. Nh3 Kb8 23. Bxd7 Rxd7 24. O-O Qd6 25. Rfe1 Rg8 26. Nf2 g4 27. fxg4 Bf4
28. h3 Bg3 29. gxf5 Qd5 30. Qe4 Bxf2+ 31. Kxf2 Qb5 32. Kg1 Rd5 33. a4 Qd7 34.
Qe6 Qd8 35. Qxe7 Qc8 36. Qe6 Rxf5 37. Qxc8+ Kxc8 38. Re5 Rf3 39. Rae1 Kd7 40.
Re7+ Kc6 41. R1e3 Rfg3 42. Rxg3 hxg3 43. Re3 Kd5 44. b3 b5 45. Re5+ Kc6 46. a5
Kd6 47. b4 Rg6 48. Kf1 Rf6+ 49. Ke1 Rg6 50. Ke2 Rf6 51. Kd3 Rf2 52. Re2 Rf6 53.
Re3 Rg6 54. Ke4 Rg7 55. Kf4 Kd5 56. Rxg3 Rf7+ 57. Ke3 Kc4 58. Ke4 1-0

[Event "1. Bl. 0607"]
[Site "?"]
[Date "2006.11.04"]
[Round "2.3"]
[White "Polzin, Rainer"]
[Black "Schwaninger, Wolfgang"]
[Result "1-0"]
[WhiteElo "2470"]
[BlackElo "2210"]
[PlyCount "75"]
[EventDate "2006.11.03"]
[EventType "team"]
[EventRounds "11"]
[EventCountry "AUT"]
[WhiteTeam "ASVOe Wulkaprodersdorf"]
[BlackTeam "SV Tschaturanga Neubau"]

1. e4 c6 2. d4 d5 3. e5 g6 4. c4 e6 5. Nc3 h5 6. Nf3 Bh6 7. Bd3 Bxc1 8. Rxc1
Nh6 9. Qd2 a6 10. h4 Nd7 11. cxd5 cxd5 12. Ng5 Nf8 13. Ne2 Bd7 14. O-O Nf5 15.
Bxf5 gxf5 16. Nf4 Ng6 17. Nxg6 fxg6 18. Qb4 b5 19. Qd6 Qe7 20. Rc7 Qxd6 21.
exd6 a5 22. Nxe6 Ra6 23. Nc5 Rxd6 24. Ra7 Rh7 25. Re1+ Re7 26. Re5 a4 27. f4
Be6 28. Ra8+ Kf7 29. Rb8 Bd7 30. Nb7 Ra6 31. Rh8 Rxe5 32. fxe5 f4 33. Rh7+ Ke8
34. Rxd7 Rc6 35. Rh7 Rc1+ 36. Kf2 Rc2+ 37. Kf3 Rxb2 38. e6 1-0

[Event "1. Bl. 0607"]
[Site "?"]
[Date "2006.11.04"]
[Round "2.4"]
[White "Kreindl, Helmut"]
[Black "Sommerbauer, Norbert"]
[Result "1/2-1/2"]
[WhiteElo "2205"]
[BlackElo "2463"]
[PlyCount "74"]
[EventDate "2006.11.03"]
[EventType "team"]
[EventRounds "11"]
[EventCountry "AUT"]
[WhiteTeam "SV Tschaturanga Neubau"]
[BlackTeam "ASVOe Wulkaprodersdorf"]

1. e4 c5 2. c3 d5 3. exd5 Qxd5 4. d4 Nf6 5. Nf3 Bg4 6. Be2 e6 7. Na3 Nc6 8. h3
Bh5 9. Be3 cxd4 10. Nb5 Rc8 11. Nbxd4 Nxd4 12. Bxd4 a6 13. Qa4+ Qd7 14. Qb3 Qd5
15. O-O Qxb3 16. axb3 Nd5 17. g3 f6 18. Ra5 Bf7 19. Bc4 Ne7 20. Raa1 e5 21.
Bxf7+ Kxf7 22. Ba7 Ra8 23. Bc5 Nf5 24. Bb6 Be7 25. Rfd1 Ke6 26. Nd2 Nd6 27. Nc4
Nxc4 28. bxc4 Rac8 29. b3 Rc6 30. Be3 Rd8 31. Rxd8 Bxd8 32. c5 Rc7 33. b4 Be7
34. c4 h5 35. Kf1 f5 36. Ke2 h4 37. g4 g6 1/2-1/2

[Event "1. Bl. 0607"]
[Site "?"]
[Date "2006.11.04"]
[Round "2.5"]
[White "Schweda, Roland"]
[Black "Lenz, Alarich"]
[Result "1-0"]
[WhiteElo "2436"]
[BlackElo "2213"]
[PlyCount "59"]
[EventDate "2006.11.03"]
[EventType "team"]
[EventRounds "11"]
[EventCountry "AUT"]
[WhiteTeam "ASVOe Wulkaprodersdorf"]
[BlackTeam "SV Tschaturanga Neubau"]

1. d4 Nf6 2. c4 e6 3. Nc3 Bb4 4. e3 O-O 5. Nge2 Re8 6. a3 Bf8 7. d5 exd5 8.
cxd5 d6 9. g3 c5 10. Bg2 a6 11. O-O Nbd7 12. b4 b6 13. Rb1 g6 14. a4 Bg7 15. h3
cxb4 16. Rxb4 Qc7 17. Ba3 Nc5 18. Nd4 Bb7 19. Qb1 Nfd7 20. Rc1 Qd8 21. Nc6 Qc8
22. Ne4 Nxe4 23. Ne7+ Rxe7 24. Rxc8+ Rxc8 25. Rxe4 Rxe4 26. Qxe4 Nf6 27. Qe7
Bxd5 28. Bxd5 Nxd5 29. Qb7 Rc3 30. Qb8+ 1-0

[Event "1. Bl. 0607"]
[Site "?"]
[Date "2006.11.04"]
[Round "2.6"]
[White "Zsifkovits, Robert"]
[Black "Volkmann, Friedrich Karl"]
[Result "0-1"]
[WhiteElo "2172"]
[BlackElo "2418"]
[PlyCount "128"]
[EventDate "2006.11.03"]
[EventType "team"]
[EventRounds "11"]
[EventCountry "AUT"]
[WhiteTeam "SV Tschaturanga Neubau"]
[BlackTeam "ASVOe Wulkaprodersdorf"]

1. e4 c5 2. Nf3 Nc6 3. d4 cxd4 4. Nxd4 Nf6 5. Nc3 e5 6. Ndb5 d6 7. Bg5 a6 8.
Na3 Be6 9. Bxf6 gxf6 10. Nc4 Rc8 11. Ne3 Bh6 12. Ncd5 Bxe3 13. Nxe3 Qb6 14. b3
Qb4+ 15. Qd2 Qxe4 16. Bd3 Qf4 17. g3 Qf3 18. O-O d5 19. Be2 Qe4 20. Bd3 Qf3 21.
Be2 Nd4 22. Bd1 Qe4 23. f3 Qg6 24. c3 Nc6 25. Nxd5 h5 26. Ne3 h4 27. g4 Qg5 28.
Qf2 f5 29. h3 Ne7 30. c4 f4 31. Ng2 Nc6 32. Bc2 f5 33. Rfe1 Rd8 34. Rad1 Rxd1
35. Rxd1 fxg4 36. fxg4 Bxg4 37. hxg4 Qxg4 38. Rd6 Rg8 39. Bd1 Qh3 40. Bh5+ Ke7
41. Rg6 Rxg6 42. Bxg6 Kf6 43. Bb1 Nd4 44. Qxh4+ Qxh4 45. Nxh4 Kg5 46. Ng6 Ne2+
47. Kf2 Nc3 48. Bc2 e4 49. Ne5 Kf5 50. Nd7 Nxa2 51. Nc5 Nc3 52. Nxb7 Ke5 53.
Nc5 Kd4 54. Nxa6 e3+ 55. Kf3 e2 56. Kf2 f3 57. Nb4 Nd1+ 58. Ke1 Ne3 59. Kf2 Kc3
60. Be4 Kd2 61. Nd3 Nd1+ 62. Kxf3 Nb2 63. Nxb2 e1=Q 64. Nd3 Qe3+ 0-1

[Event "1. Bl. 0607"]
[Site "?"]
[Date "2006.11.05"]
[Round "3.3"]
[White "Schwaninger, Wolfgang"]
[Black "Teske, Henrik"]
[Result "1-0"]
[WhiteElo "2210"]
[BlackElo "2524"]
[PlyCount "79"]
[EventDate "2006.11.03"]
[EventType "team"]
[EventRounds "11"]
[EventCountry "AUT"]
[WhiteTeam "SV Tschaturanga Neubau"]
[BlackTeam "SpG Absam / ISK"]

1. d4 Nf6 2. Nf3 c5 3. c3 e6 4. Bf4 Nc6 5. e3 d5 6. Nbd2 Be7 7. h3 O-O 8. Bd3
b6 9. O-O Bb7 10. Qe2 Re8 11. Rfd1 Nd7 12. a3 Bf6 13. Bb5 a6 14. Bxc6 Bxc6 15.
e4 e5 16. dxe5 Nxe5 17. Bxe5 Bxe5 18. Nxe5 Rxe5 19. f4 Re6 20. e5 f6 21. Qg4
Qe7 22. Nf3 fxe5 23. Nxe5 Bb7 24. Rd3 Rd8 25. Rad1 a5 26. Kh2 Kh8 27. Re3 Kg8
28. Ng6 Rxe3 29. Nxe7+ Rxe7 30. Rd3 Rf8 31. Qg5 Rf6 32. Rg3 Ref7 33. Qe5 h6 34.
h4 Kh8 35. h5 Rf5 36. Qe8+ Kh7 37. Qe6 Rxh5+ 38. Kg1 Rhf5 39. Qg6+ Kh8 40. Re3
1-0

[Event "1. Bl. 0607"]
[Site "?"]
[Date "2006.11.05"]
[Round "3.5"]
[White "Lenz, Alarich"]
[Black "Duer, Werner"]
[Result "0-1"]
[WhiteElo "2213"]
[BlackElo "2265"]
[PlyCount "62"]
[EventDate "2006.11.03"]
[EventType "team"]
[EventRounds "11"]
[EventCountry "AUT"]
[WhiteTeam "SV Tschaturanga Neubau"]
[BlackTeam "SpG Absam / ISK"]

1. e4 c6 2. c4 d5 3. exd5 cxd5 4. d4 Nf6 5. Nc3 e6 6. Nf3 Bb4 7. Bd3 dxc4 8.
Bxc4 O-O 9. O-O b6 10. Bd3 Bb7 11. Bg5 Nbd7 12. Ne5 Be7 13. Re1 Nxe5 14. dxe5
Nd5 15. Bxe7 Qxe7 16. Qh5 h6 17. Nxd5 Bxd5 18. Qe2 Rfd8 19. a3 Rac8 20. Rac1
Qg5 21. f4 Qxf4 22. Rxc8 Rxc8 23. Rf1 Rc1 24. Rxc1 Qxc1+ 25. Kf2 Qc5+ 26. Kg3
Qd4 27. h3 g5 28. Kh2 Qf4+ 29. Kg1 Kg7 30. Kh1 Qg3 31. Kg1 Bxg2 0-1

[Event "1. Bl. 0607"]
[Site "?"]
[Date "2006.11.05"]
[Round "3.4"]
[White "Sommerbauer, Norbert"]
[Black "Weiss, Christian"]
[Result "1/2-1/2"]
[WhiteElo "2463"]
[BlackElo "2469"]
[PlyCount "49"]
[EventDate "2006.11.03"]
[EventType "team"]
[EventRounds "11"]
[EventCountry "AUT"]
[WhiteTeam "ASVOe Wulkaprodersdorf"]
[BlackTeam "Union Ansfelden"]

1. e4 c6 2. c4 e5 3. d4 d6 4. Nc3 Nf6 5. Nf3 Nbd7 6. Be2 Be7 7. O-O O-O 8. Be3
Re8 9. d5 cxd5 10. cxd5 Nf8 11. Nd2 Bd7 12. a4 Qb8 13. f3 Rc8 14. Qb3 Ne8 15.
Bb5 h6 16. Nc4 Bd8 17. a5 Qc7 18. Ra4 a6 19. Bxd7 Nxd7 20. Nb6 Nxb6 21. Bxb6
Qd7 22. Rb4 Bxb6+ 23. Rxb6 Rc7 24. Ra1 Qe7 25. g3 1/2-1/2

[Event "1. Bl. 0607"]
[Site "?"]
[Date "2006.11.05"]
[Round "3.5"]
[White "Stanec, Nikolaus"]
[Black "Schweda, Roland"]
[Result "1/2-1/2"]
[WhiteElo "2504"]
[BlackElo "2436"]
[PlyCount "28"]
[EventDate "2006.11.03"]
[EventType "team"]
[EventRounds "11"]
[EventCountry "AUT"]
[WhiteTeam "Union Ansfelden"]
[BlackTeam "ASVOe Wulkaprodersdorf"]

1. c4 Nf6 2. Nc3 d6 3. g3 g6 4. Bg2 Bg7 5. d4 O-O 6. e3 Nbd7 7. Nge2 e5 8. b3
Re8 9. a4 a5 10. Ra2 exd4 11. exd4 Nb8 12. O-O Nc6 13. h3 Nb4 14. Rd2 d5
1/2-1/2

[Event "1. Bl. 0607"]
[Site "?"]
[Date "2006.11.05"]
[Round "3.6"]
[White "Volkmann, Friedrich Karl"]
[Black "Klinger, Josef"]
[Result "1-0"]
[WhiteElo "2418"]
[BlackElo "2429"]
[PlyCount "46"]
[EventDate "2006.11.03"]
[EventType "team"]
[EventRounds "11"]
[EventCountry "AUT"]
[WhiteTeam "ASVOe Wulkaprodersdorf"]
[BlackTeam "Union Ansfelden"]

1. e4 g6 2. d4 Bg7 3. Nf3 d6 4. Nc3 Nd7 5. Bc4 e6 6. a4 a6 7. a5 Ne7 8. Bf4 O-O
9. Qd2 e5 10. Bg5 Qe8 11. dxe5 Nxe5 12. Nxe5 Bxe5 13. Bh6 Bg7 14. h4 Be6 15.
Bxg7 Kxg7 16. Bxe6 fxe6 17. h5 Qf7 18. hxg6 Nxg6 19. g3 Qf3 20. Qh6+ Kf6 21.
Rh2 Rf7 22. Ra3 Qg4 23. Rh4 Rff8 1-0

[Event "1. Bl. 0607"]
[Site "?"]
[Date "2006.11.05"]
[Round "3.3"]
[White "Stohl, Igor"]
[Black "Kosten, Anthony C"]
[Result "1-0"]
[WhiteElo "2549"]
[BlackElo "2534"]
[PlyCount "103"]
[EventDate "2006.11.03"]
[EventType "team"]
[EventRounds "11"]
[EventCountry "AUT"]
[WhiteTeam "Styria Graz   KlZeitung"]
[BlackTeam "SpG Holz Dohr   Semriach"]

1. d4 e6 2. c4 Bb4+ 3. Bd2 a5 4. Nc3 Nf6 5. Bg5 h6 6. Bh4 b6 7. Nf3 Bb7 8. Nd2
d5 9. cxd5 exd5 10. e3 O-O 11. Be2 Be7 12. O-O Na6 13. Rc1 c6 14. Na4 b5 15.
Nc3 Nc7 16. Nf3 Ne6 17. Ne5 Rc8 18. Rc2 b4 19. Na4 g5 20. Bg3 Ne4 21. Bd3 Kg7
22. Qc1 Nxg3 23. hxg3 Qd6 24. Bf5 Ba6 25. Rd1 Bb5 26. Nc5 Nxc5 27. Bxc8 Rxc8
28. Rxc5 Qe6 29. Nf3 Bxc5 30. dxc5 Qg6 31. Nd4 Ba6 32. a3 Rb8 33. axb4 Rxb4 34.
Qc3 Kh7 35. b3 Bc8 36. Ra1 h5 37. Rxa5 Rb8 38. Ra7 h4 39. Nxc6 hxg3 40. fxg3 d4
41. Nxd4 Ba6 42. Qc2 Bd3 43. Qf2 Bc4 44. g4 Qb1+ 45. Kh2 Rh8 46. Kg3 Kg7 47.
Nf5+ Kg6 48. Nd6 Qxb3 49. Qf5+ Kh6 50. Qf6+ Kh7 51. Nf5 Qb8+ 52. Kf2 1-0

[Event "1. Bl. 0607"]
[Site "?"]
[Date "2006.11.05"]
[Round "3.6"]
[White "Dohr, Alexander"]
[Black "Danner, Georg"]
[Result "0-1"]
[WhiteElo "2147"]
[BlackElo "2421"]
[PlyCount "154"]
[EventDate "2006.11.03"]
[EventType "team"]
[EventRounds "11"]
[EventCountry "AUT"]
[WhiteTeam "SpG Holz Dohr   Semriach"]
[BlackTeam "Styria Graz   KlZeitung"]

1. e4 c5 2. Nc3 Nc6 3. g3 g6 4. d3 Bg7 5. Be3 d6 6. Qd2 e5 7. Bg2 Be6 8. f4
Nge7 9. Nf3 Qd7 10. Ng5 exf4 11. Nxe6 fxe3 12. Nxg7+ Kf8 13. Qxe3 Kxg7 14. O-O
Rhf8 15. Rf4 f6 16. Raf1 Ne5 17. h3 g5 18. R4f2 Rab8 19. Nd1 b5 20. Qd2 b4 21.
Ne3 Qe6 22. b3 a5 23. Kh2 h6 24. Bf3 f5 25. exf5 Nxf5 26. Nxf5+ Rxf5 27. Be4
Rxf2+ 28. Qxf2 Qf7 29. Qe2 Qe7 30. Bg2 Rf8 31. Rxf8 Qxf8 32. Kg1 Qf6 33. Bd5
Qf5 34. Kg2 Kf6 35. Be4 Qe6 36. d4 cxd4 37. Qf2+ Kg7 38. Qxd4 Qe7 39. c3 bxc3
40. Qxc3 Qa7 41. Kf1 Qa6+ 42. Kf2 Qb6+ 43. Ke2 Kf6 44. Qe3 Qb5+ 45. Kd2 d5 46.
Bc2 Ke6 47. h4 d4 48. Qe4 Qf1 49. hxg5 hxg5 50. Qe2 Qg1 51. Qa6+ Ke7 52. Qb7+
Kf6 53. Qb6+ Kg7 54. Qc7+ Nf7 55. a4 Qe3+ 56. Kd1 d3 57. Qc3+ Ne5 58. Bxd3
Qxd3+ 59. Qxd3 Nxd3 60. Kd2 Ne5 61. Ke3 Kf6 62. Kd4 Nf3+ 63. Kc5 Ke5 64. Kb6
Nd4 65. Kxa5 Nxb3+ 66. Kb4 Nd4 67. Kc5 g4 68. Kc4 Nf5 69. Kc5 Nxg3 70. a5 Ne4+
71. Kc6 Nc5 72. Kxc5 g3 73. a6 g2 74. Kc6 g1=Q 75. Kb7 Qb1+ 76. Ka8 Kd6 77. a7
Qh7 0-1

[Event "1. Bl. 0607"]
[Site "?"]
[Date "2006.11.05"]
[Round "3.1"]
[White "Bischoff, Klaus"]
[Black "Schlosser, Philipp"]
[Result "1/2-1/2"]
[WhiteElo "2532"]
[BlackElo "2562"]
[PlyCount "42"]
[EventDate "2006.11.03"]
[EventType "team"]
[EventRounds "11"]
[EventCountry "AUT"]
[WhiteTeam "SC Die Klagenfurter"]
[BlackTeam "SK Sparkasse Jenbach"]

1. d4 Nf6 2. c4 e6 3. Nf3 d5 4. Nc3 dxc4 5. e3 c5 6. Bxc4 a6 7. O-O b5 8. Be2
Bb7 9. dxc5 Nc6 10. Qc2 Nb4 11. Qb1 Bxc5 12. Rd1 Qc7 13. a3 Nbd5 14. Nxd5 Nxd5
15. Bd2 Be7 16. Qd3 Rd8 17. Rac1 Qb8 18. Qb1 O-O 19. Ba5 Rc8 20. h3 Rxc1 21.
Rxc1 Rc8 1/2-1/2

[Event "1. Bl. 0607"]
[Site "?"]
[Date "2006.11.05"]
[Round "3.2"]
[White "Boensch, Uwe"]
[Black "Horvath, Csaba"]
[Result "1/2-1/2"]
[WhiteElo "2523"]
[BlackElo "2538"]
[PlyCount "32"]
[EventDate "2006.11.03"]
[EventType "team"]
[EventRounds "11"]
[EventCountry "AUT"]
[WhiteTeam "SK Sparkasse Jenbach"]
[BlackTeam "SC Die Klagenfurter"]

1. c4 e6 2. g3 d5 3. Bg2 Nf6 4. Nf3 Be7 5. O-O O-O 6. d4 c6 7. Nbd2 b6 8. Ne5
Bb7 9. b3 Nbd7 10. Nd3 c5 11. Bb2 cxd4 12. Bxd4 Rc8 13. Rc1 Rc7 14. cxd5 Bxd5
15. Rxc7 Qxc7 16. Qc1 Qb7 1/2-1/2

[Event "1. Bl. 0607"]
[Site "?"]
[Date "2006.11.05"]
[Round "3.5"]
[White "Moser, Guenter"]
[Black "Schwarz, Michael"]
[Result "0-1"]
[WhiteElo "2369"]
[BlackElo "2402"]
[PlyCount "82"]
[EventDate "2006.11.03"]
[EventType "team"]
[EventRounds "11"]
[EventCountry "AUT"]
[WhiteTeam "SC Die Klagenfurter"]
[BlackTeam "SK Sparkasse Jenbach"]

1. d4 Nf6 2. Nf3 g6 3. g3 Bg7 4. Bg2 d5 5. O-O c6 6. b3 O-O 7. Bb2 Bf5 8. Nh4
Be6 9. Nd2 a5 10. a4 Na6 11. Re1 Re8 12. Nhf3 Bf5 13. Nh4 Be6 14. Nhf3 Qc7 15.
e4 dxe4 16. Nxe4 Nxe4 17. Rxe4 Bd5 18. Re2 Rad8 19. Ne5 Bxg2 20. Kxg2 c5 21. c3
cxd4 22. cxd4 Nb4 23. Qf1 Qd6 24. Kg1 Qd5 25. Qg2 Qxg2+ 26. Kxg2 Bxe5 27. dxe5
Rd3 28. e6 Rxb3 29. exf7+ Kxf7 30. Ra3 Rxa3 31. Bxa3 Nd5 32. Rd2 Rd8 33. Rd4
Rd7 34. Bc5 b6 35. Ba3 Nf6 36. Rc4 Rd3 37. Bc1 Nd5 38. Rc8 Rc3 39. Rd8 Rxc1 40.
Rxd5 Rc4 41. Rb5 Rb4 0-1